Informe anual de labores, 1983

Spremljeno u:
Bibliografski detalji
Autor kompanije: Costa Rica. Ministerio de Agricultura y Ganadería. Programa Cooperativo Oficina del Café -
Format: Tekst
Izdano: San José: Programa Cooperativo Oficina del Café
Oznake: Dodaj oznaku
Bez oznaka, Budi prvi tko označuje ovaj zapis!

MARC

LEADER 00000 a a2200000 04500
001 14763
003
040
090 |a 022100  
110 |a Costa Rica. Ministerio de Agricultura y Ganadería. Programa Cooperativo Oficina del Café -  
245 |a Informe anual de labores, 1983  
260 |a San José:   |b Programa Cooperativo Oficina del Café  
300 |a 2; 16 p.  
999 |c 11992  |d 11992